Bound to be free with the suffering church: (Record no. 4070)

MARC details
000 -LEADER
fixed length control field 00512nam a22001817a 4500
003 - CONTROL NUMBER IDENTIFIER
control field GBCCL
005 - DATE AND TIME OF LATEST TRANSACTION
control field 20241126110510.0
008 - FIXED-LENGTH DATA ELEMENTS--GENERAL INFORMATION
fixed length control field 180110b xxu||||| |||| 00| 0 eng d
020 ## - INTERNATIONAL STANDARD BOOK NUMBER
International Standard Book Number 1852401745
040 ## - CATALOGING SOURCE
Transcribing agency gbc
082 ## - DEWEY DECIMAL CLASSIFICATION NUMBER
Classification number 242.5
Item number BOU
245 ## - TITLE STATEMENT
Title Bound to be free with the suffering church:
Remainder of title 365 daily readings /
Statement of responsibility, etc. Compiled by Jan Pit
260 ## - PUBLICATION, DISTRIBUTION, ETC.
Name of publisher, distributor, etc. Sovereign World,
Place of publication, distribution, etc. England:
Date of publication, distribution, etc. 1995
300 ## - PHYSICAL DESCRIPTION
Extent 411 p.;
Dimensions 22 cm.
650 ## - SUBJECT ADDED ENTRY--TOPICAL TERM
Topical term or geographic name entry element Devotional literature
9 (RLIN) 489
650 ## - SUBJECT ADDED ENTRY--TOPICAL TERM
Topical term or geographic name entry element Meditation
9 (RLIN) 6885
942 ## - ADDED ENTRY ELEMENTS (KOHA)
Source of classification or shelving scheme Dewey Decimal Classification
Koha item type Books
Holdings
Withdrawn status Lost status Source of classification or shelving scheme Damaged status Not for loan Home library Current Library Shelving location Date acquired Total checkouts Full call number Barcode Date last seen Copy number Price effective from Koha item type
    Dewey Decimal Classification     GRACE BIBLE COLLEGE GRACE BIBLE COLLEGE Ministry & Mission 2018-01-10   242.5 BOU 007590 2025-05-01 c.1 2018-01-10 Books
    Dewey Decimal Classification     GRACE BIBLE COLLEGE GRACE BIBLE COLLEGE Ministry & Mission 2018-01-10   242.5 BOU 007591 2025-05-01 c.2 2018-01-10 Books
© Grace Bible College Library 2025